| 000 | 00651nam a2200205 a 4500 | ||
|---|---|---|---|
| 005 | 20241009063709.0 | ||
| 008 | 991125s1976 mad 000 0 spa u | ||
| 020 | _a8424906934 | ||
| 035 | _aUPN01000046444 | ||
| 049 | _aCG | ||
| 050 | 4 |
_aP25 _bB5.2 no.251 |
|
| 100 | 1 |
_aHjelmslev, Louis, _d1899- |
|
| 245 | 1 | 0 |
_aPrincipios de gramática general / _cLouis Hjelmslev ; tr. Félix Piñero Torre. |
| 260 |
_aMadrid : _bGredos, _c1976. |
||
| 300 | _a383 p. | ||
| 440 | 0 |
_aBiblioteca románica hispánica II. _pEstudios y ensayos ; _v251 |
|
| 650 | 0 |
_aGramática comparada y general _915920 |
|
| 650 | 4 |
_aLENGUAJE Y LENGUAS - _xGRAMATICA |
|
| 905 | _aLibro | ||
| 999 |
_c46444 _d46444 |
||